सुषम बेदी की यादगार कहानियाँ (Record no. 1551939)

MARC details
000 -LEADER
fixed length control field 00928nam a22002657a 4500
005 - DATE AND TIME OF LATEST TRANSACTION
control field 20220906120011.0
008 - FIXED-LENGTH DATA ELEMENTS--GENERAL INFORMATION
fixed length control field 220906b2014 ii ||||| |||| 00| j hin d
020 ## - INTERNATIONAL STANDARD BOOK NUMBER
International Standard Book Number 9788121619707
Price Rs. 150.00
Book form Pbk
040 ## - CATALOGING SOURCE
Original cataloging agency NLI
Language of cataloging hin
Transcribing agency Hindi Division
041 0# - LANGUAGE CODE
Language code of text/sound track or separate title hin
044 ## - COUNTRY OF PUBLISHING/PRODUCING ENTITY CODE
MARC country code ii
082 04 - DEWEY DECIMAL CLASSIFICATION NUMBER
Edition number 23rd ed.
Classification number 891.433
Book number B 933 sbk
100 1# - MAIN ENTRY--PERSONAL NAME
Linkage 880-01
Personal name बेदी, सुषम
245 10 - TITLE STATEMENT
Linkage 880-02
Title सुषम बेदी की यादगार कहानियाँ
Statement of responsibility, etc. / सुषम बेदी
260 ## - PUBLICATION, DISTRIBUTION, ETC.
Place of publication, distribution, etc. नई दिल्ली :
Name of publisher, distributor, etc. हिन्द पॉकेट बुक्स ,
Date of publication, distribution, etc. 2014.
300 ## - PHYSICAL DESCRIPTION
Extent 175p.;
Dimensions 22 cm.
600 10 - SUBJECT ADDED ENTRY--PERSONAL NAME
Personal name Bedi, Susham
9 (RLIN) 996006
650 #0 - SUBJECT ADDED ENTRY--TOPICAL TERM
Topical term or geographic name entry element Hindi stories
9 (RLIN) 1226701
700 1# - ADDED ENTRY--PERSONAL NAME
Linkage 880-03
852 ## - LOCATION
Location BB
880 1# - ALTERNATE GRAPHIC REPRESENTATION
Linkage 100-01
a Bēdī, Suṣama
880 1# - ALTERNATE GRAPHIC REPRESENTATION
Linkage 245-02
a Suṣama bēdī kī yādagāra kahāṇīyaṃ
c / Suṣama Bēdī
887 ## - NON-MARC INFORMATION FIELD
Data Entry Operator Name / Verifier Name Chandra
942 ## - ADDED ENTRY ELEMENTS (KOHA)
Source of classification or shelving scheme Dewey Decimal Classification
Koha item type Books

No items available.

                                                                           
web counter

Copyright ©2020 The National Library of India, Govt. of India ↔ Hosted by NVLI, MOC ↔ Technology and Design by National Library of India, Ministry of Culture, Govt. of India